000 00543nam a2200181Ia 4500
008 240925s9999 xx 000 0 und d
020 _a9788131720479
082 _a629.8312 HOP
100 _aHopcroft, E. John; Motwani, Rajeev; Ullman ,Jeffrey D.
245 0 _aIntroduction to Automata Theory, Languages and Computation
250 _a3rd
260 _aNew Delhi:
_bPearson Education
_c,2007.
300 _a941p.
_bNA
_fOriginal
500 _aInclude Appendix
600 _aElectronic Engineering
650 _aTechnology
942 _cBK
999 _c12968
_d12968